00724nam a2200229 a 4500001001300000003000900013005001700022008004100039020001000080082001700090100001900107245008000126260005800206300000900264500003500273505001000308650002400318902000800342942000700350952012000357999001700477nice12345678IN_TiNIC20260116015231.0050524s2002 haga grp 000 0 eng  ac10000a303.69bBOU1 aBouta, Tsjeard aWomen`s Roles in Conflict Prevention, Conflict Resolution and Post-Conflict aHaguebNetherlands Inst. of International Relatc2002 a340p aincludes index and biblioraphy2 aIndex aConflict Resolution bSRS cBK 001040708StackRoom-aHMIbHMId2008-08-11g100.00l0o303.69 BOU1p11001497r2008-08-11v100.00w2005-05-24yBK c18847d18847